<?xml version="1.0" encoding="UTF-8"?><?xml-stylesheet type="text/xsl" href="static/style.xsl"?><OAI-PMH xmlns="http://www.openarchives.org/OAI/2.0/" xmlns:xsi="http://www.w3.org/2001/XMLSchema-instance" xsi:schemaLocation="http://www.openarchives.org/OAI/2.0/ http://www.openarchives.org/OAI/2.0/OAI-PMH.xsd"><responseDate>2026-04-27T21:25:17Z</responseDate><request verb="GetRecord" identifier="oai:uvadoc.uva.es:10324/45332" metadataPrefix="marc">https://uvadoc.uva.es/oai/request</request><GetRecord><record><header><identifier>oai:uvadoc.uva.es:10324/45332</identifier><datestamp>2021-06-23T14:04:27Z</datestamp><setSpec>com_10324_30605</setSpec><setSpec>com_10324_894</setSpec><setSpec>col_10324_41</setSpec></header><metadata><record xmlns="http://www.loc.gov/MARC21/slim" xmlns:doc="http://www.lyncode.com/xoai" xmlns:xsi="http://www.w3.org/2001/XMLSchema-instance" xmlns:dcterms="http://purl.org/dc/terms/" xsi:schemaLocation="http://www.loc.gov/MARC21/slim http://www.loc.gov/standards/marcxml/schema/MARC21slim.xsd">
<leader>00925njm 22002777a 4500</leader>
<datafield tag="042" ind1=" " ind2=" ">
<subfield code="a">dc</subfield>
</datafield>
<datafield tag="720" ind1=" " ind2=" ">
<subfield code="a">Corona Encinas, Francisco</subfield>
<subfield code="e">author</subfield>
</datafield>
<datafield tag="260" ind1=" " ind2=" ">
<subfield code="c">2020</subfield>
</datafield>
<datafield tag="520" ind1=" " ind2=" ">
<subfield code="a">Habida cuenta de las ventajas potenciales que puede presentar la precipitación de nitrógeno y fósforo procedente de residuos agroganaderos en forma de estruvita, en esta Tesis se ha abordado el estudio del proceso de recuperación de los nutrientes presentes en el digestato procedente de la digestión anaerobia del purín de cerdo a escala de laboratorio. Con los resultados obtenidos se ha desarrollado un sistema de cristalización de estruvita en lecho fluidizado a escala piloto y se ha evaluado su viabilidad desde el punto de vista técnico. Por otro lado, se ha demostrado el poder agronómico de la estruvita obtenida mediante la fertilización de césped, así como su comparativa con un fertilizante tradicional y una estruvita comercial. Finalmente, se ha realizado un estudio sobre la viabilidad económica de la tecnología de obtención de estruvita para valorar la posibilidad de su implantación a nivel industrial.</subfield>
</datafield>
<datafield tag="024" ind2=" " ind1="8">
<subfield code="a">http://uvadoc.uva.es/handle/10324/45332</subfield>
</datafield>
<datafield tag="024" ind2=" " ind1="8">
<subfield code="a">10.35376/10324/45332</subfield>
</datafield>
<datafield ind1=" " ind2=" " tag="653">
<subfield code="a">Sistemas de digestión anaerobia</subfield>
</datafield>
<datafield ind1=" " ind2=" " tag="653">
<subfield code="a">Estruvita</subfield>
</datafield>
<datafield tag="245" ind1="0" ind2="0">
<subfield code="a">Estudio de la recuperación de nutrientes presentes en efluentes de sistemas de digestión anaerobia en forma de estruvita</subfield>
</datafield>
</record></metadata></record></GetRecord></OAI-PMH>